Building Research Series Volume 4. Energy, heating and thermal comfort (Record no. 94848)

MARC details
000 -LEADER
fixed length control field 00481cam a2200181 4500
001 - CONTROL NUMBER
control field D1883
008 - FIXED-LENGTH DATA ELEMENTS--GENERAL INFORMATION
fixed length control field 090401t1978 xxu||||| |||| 00| 0 eng d
035 ## - SYSTEM CONTROL NUMBER
System control number (Sirsi) u66354
041 ## - LANGUAGE CODE
Language code of text/sound track or separate title eng
050 ## - LIBRARY OF CONGRESS CALL NUMBER
Classification number 696.9
110 ## - MAIN ENTRY--CORPORATE NAME
Corporate name or jurisdiction name as entry element Building Research Establishment
245 ## - TITLE STATEMENT
Title Building Research Series Volume 4. Energy, heating and thermal comfort
260 ## - PUBLICATION, DISTRIBUTION, ETC.
Place of publication, distribution, etc. Lancaster
Name of publisher, distributor, etc. The Construction Press
Date of publication, distribution, etc. 1978
300 ## - PHYSICAL DESCRIPTION
Extent 269p. 30cm
350 ## - PRICE (NR) (BK AM CF MU VM SE) [OBSOLETE]
Price 15
942 ## - ADDED ENTRY ELEMENTS (KOHA)
Suppress in OPAC 0
948 ## - LOCAL PROCESSING INFORMATION (OCLC); SERIES PART DESIGNATOR (RLIN)
c (OCLC) 04/03/1997
Holdings
Withdrawn status Lost status Source of classification or shelving scheme Damaged status Not for loan Home library Current library Shelving location Date acquired Cost, normal purchase price Total Checkouts Full call number Barcode Date last seen Date last checked out Copy number Cost, replacement price Price effective from Koha item type
    Dewey Decimal Classification     London London Folio 14/09/1999 15.00 2 F696.9 30021599 06/08/2019 08/02/2000 1 15.00 06/08/2019 Book